Statistics for National Park Sites Superlatives

Click here to take the quiz!

General Stats

  • This quiz has been taken 6 times
  • The average score is 8 of 20

Answer Stats

HintAnswer% Correct
Highest PointDenali
100%
FirstYellowstone
100%
State With Most NP SitesCalifornia
80%
Is Home to Crocodiles AND AlligatorsEverglades
80%
Deepest Body of WaterCrater Lake
60%
LargestWrangell St. Elias
60%
Most VisitedBlue Ridge Parkway
40%
Only State With No NP SitesDelaware
40%
Most Presidents Have LivedWhite House
40%
Most Hiking TrailsYosemite
40%
Furthest From Continental U.S.American Samoa
20%
Least VisitedAniakchak
20%
Smallest (National Park)Hot Springs
20%
Is In Three States That Don't BorderManhattan Project
20%
Highest Paved RoadRocky Mountain
20%
In ConnecticutWeir Farm
20%
Most RecentAmache
0%
Largest (National Park)Death Valley
0%
SmallestThaddeus Kosciuzko
0%
In GuamWar In The Pacific
0%

Score Distribution

Percentile by Number Answered

Percent of People with Each Score

Your Score History

You have not taken this quiz